banner-ar

رحلة القاهرة المحروسة : (Record no. 66050)

MARC details
000 -الفاتح
حقل البيانات ثابتة الطول 01003nam a22002417a 4500
005 - وقت وتاريخ اخر تعامل مع التسجيلة
رقم الضبط 20240530110857.0
008 - عناصر البيانات ثابتة الطول - معلومات عامة
حقل البيانات ثابتة الطول 181226s2019 ua ac f b 000 0dara d
017 ## - رقم الايداع القانونى
رقم الايداع القانونى 2019/13497
المصدر ( الهيئة المختصة) مصر. دار الكتب
020 ## - الرقم الدولى المعيارى للكتب
الرقم الدولى المعيارى للكتاب 9789779087818
040 ## - مصدر الفهرسة
وكالة الفهرسة الأصلية EG-CaGPL
وكالة النسخ EG-CaGPL
082 04 - رقم تصنيف ديوى العشرى
رقم الطبعة 21
رقم التصنيف 962.16
رقم المادة ق/ط ر
100 0# - المدخل الرئيسى - إسم شخصى
الإسم الشخصى طارق والى
245 10 - بيان العنوان
العنوان رحلة القاهرة المحروسة :
بقية العنوان من عصر الولاية الى عصر الاستقلال الوطنى /
بيان المسئوليه,etc طارق والى
250 ## - بيان الطبعة
بيان الطبعة ط.1
260 ## - PUBLICATION, DISTRIBUTION, ETC. (IMPRINT)
تاريخ النشر أو التوزيع 2019 .
300 ## - الوصف المادى
التعداد 4 مج :
تفاصيل ماديه اخرى للوعاء ايض ؛
أبعاد الوعاء 25 سم.
490 ## - بيان السلسلة
عنوان السلسلة لطائف العمران فى دراسة المكان :
رقم المجلد/ التعيين التسلسلي الكتاب الثانى
504 ## - تبصرة ببليوجرافية
تبصرة ببليوجرافية,الخ يشتمل على ارجاعات ببليوجرافية
651 07 - المدخل الاضافى بالموضوع - اسم جغرافى
مصدر الرأس أو المصطلح qrmak
الاسم الجغرافي القاهرة
التقسيم الفرعي العام الاحوال السياسية
651 07 - المدخل الاضافى بالموضوع - اسم جغرافى
مصدر الرأس أو المصطلح qrmak
الاسم الجغرافي القاهرة
التقسيم الفرعي العام تاريخ
942 ## - عناصر المدخل الإضافي( كوها)
مصدر التصنيف او مخطط الترفيف Dewey Decimal Classification
Koha [default] item type كتاب
260 ## - PUBLICATION, DISTRIBUTION, ETC. (IMPRINT)
-- القاهرة :
-- مركز طارق والى : العمارة والتراث،
Holdings
حالة التراجع حالة الفقد حالة تلف ليس للاعارة المكان المؤقت الموقع الحالى موقع الترفيف تاريخ الاكتساب اجمالي اﻻعارات رقم الطلب الباركود تاريخ اخر مشاهدة تاريخ تفعيل السعر نوع وعاء كوها
        مكتبة القاهرة الكبرى مكتبة القاهرة الكبرى   12/06/2021   962.16 ق/ط ر 167208 12/06/2021 12/06/2021 كتاب
        مكتبة القاهرة الكبرى مكتبة القاهرة الكبرى   09/18/2022   962.16 ق/ط ر 168490 09/18/2022 09/18/2022 كتاب
        مكتبة القاهرة الكبرى مكتبة القاهرة الكبرى   09/18/2022   962.16 ق/ط ر 168491 09/18/2022 09/18/2022 كتاب
        مكتبة القاهرة الكبرى مكتبة القاهرة الكبرى   09/18/2022   962.16 ق/ط ر 168492 09/18/2022 09/18/2022 كتاب

Powered By

EGPV